000 00819nam a2200265 i 4500
001 C2-0322670
003 PPAK
005 20180728121508.0
008 130818s2013 my |||| ||||| | may d
020 _a9789678923859
040 _aPPAK
_beng
_cPPAK
_erda
082 0 4 _a354.595
_223
090 0 0 _a354.595
_bMAL
_dR
110 2 _aMalaysia
245 0 0 _aPerintah-Perintah Am dan Arahan Pentadbiran :
_b(hingga 10hb Mei 2013)
264 1 _aPetaling Jaya, Selangor :
_bInternational Law Book Services ,
_c2013
300 _aiv, 1082 pages ;
_c24 cm
336 _2rdacontent
_atext
337 _2rdamedia
_aunmediated
338 _2rdacarrier
_avolume
650 1 0 _aPublic administration - Malaysia
700 0 _aLembaga Penyelidikan Undang-undang,
_ecompile
710 2 _aMalaysia
_eorganizer
942 _ddc
_cB
999 _c122914
_d122914